000 00457nam a2200181Ia 4500
005 20250326130228.0
008 250326s9999 xx 000 0 und d
037 _aTextbook
040 _aFMSL
_beng
_cFMSL
041 _aeng
_2eng
084 _qFMSL
100 _aGhosal A
245 0 _aElements of operatinal research
_cGhosal A
260 _aNew Delhi
_bNew Delhi, Hindustan
_c1969
300 _a207p
942 _cTB
999 _c1281553
_d1281553